| 000 | 00668cab a22001935a 4500 | ||
|---|---|---|---|
| 001 | L149716 | ||
| 008 | 100414s20100403xxk 000 0 eng d | ||
| 035 | _a(Sirsi) u149716 | ||
| 041 | 0 | _aeng | |
| 100 | 1 | _aJack, Simon | |
| 245 | 0 | 0 | _aFocus London and Midtown |
| 260 | _c2010 | ||
| 490 |
_aEstates Gazette _v(1013) 3 April 2010, 61-73(11) |
||
| 520 | _aTake up, availability and rents in the City of London and West End and Midtown office market 1 Qr 2010. Profiles London Mayfair agents Monmouth Dean. Overview of Holborn retail market. | ||
| 590 | _aKA | ||
| 651 | 4 | _aLondon | |
| 690 | _aPROPERTY-COMMERCIAL PROPERTY-COMMERCIAL PROPERTY MARKET | ||
| 942 | _n0 | ||
| 999 |
_c82261 _d82261 |
||